00381nam a2200109Ia 4500008004100000082000800041100001300049245009100062942000600153952009700159999001500256240331s9999 xx 000 0 und d bSEC aISIS. ed 0aSecond Latin American and Caribbean feminist meeting,Lima Peru :bWomen's journal No.1 cL 001040708LaWERCLbWERCLcSSCd2024-03-31l0o 305.42 SECp391r2024-03-31w2024-03-31yL c1911d1911